Punjabi grammar / (Record no. 26919)
[ view plain ]
| 000 -LEADER | |
|---|---|
| fixed length control field | 01000cam a2200301 i 4500 |
| 001 - CONTROL NUMBER | |
| control field | 18799422 |
| 003 - CONTROL NUMBER IDENTIFIER | |
| control field | NUST |
| 005 - DATE AND TIME OF LATEST TRANSACTION | |
| control field | 20170530121314.0 |
| 008 - FIXED-LENGTH DATA ELEMENTS--GENERAL INFORMATION | |
| fixed length control field | 150930s2015 pk b 000 0 eng |
| 010 ## - LIBRARY OF CONGRESS CONTROL NUMBER | |
| LC control number | 2015328109 |
| 020 ## - INTERNATIONAL STANDARD BOOK NUMBER | |
| International Standard Book Number | 9789698611170 |
| 025 ## - OVERSEAS ACQUISITION NUMBER | |
| Overseas acquisition number | P-E-2015328109; 12 |
| 037 ## - SOURCE OF ACQUISITION | |
| Source of stock number/acquisition | Library of Congress -- Islamabad Overseas Office |
| 040 ## - CATALOGING SOURCE | |
| Original cataloging agency | DLC |
| Language of cataloging | DLC |
| Transcribing agency | RCMS |
| Description conventions | |
| 042 ## - AUTHENTICATION CODE | |
| Authentication code | lcode |
| -- | pcc |
| 050 00 - LIBRARY OF CONGRESS CALL NUMBER | |
| Classification number | 491.4283421 SHA |
| Item number | .S517 2015 |
| 082 ## - DEWEY DECIMAL CLASSIFICATION NUMBER | |
| Classification number | 491.4283421 SHA |
| 100 1# - MAIN ENTRY--PERSONAL NAME | |
| Personal name | Dr. Safdar Ali Shah. |
| Dates associated with a name | 1948- |
| Relator term | author. |
| 9 (RLIN) | 8627 |
| 245 10 - TITLE STATEMENT | |
| Title | Punjabi grammar / |
| Statement of responsibility, etc. | Dr. Safdar Ali Shah. |
| 260 ## - PUBLICATION, DISTRIBUTION, ETC. | |
| Place of publication, distribution, etc. | Islamabad: |
| Name of publisher, distributor, etc. | NUST publishing; |
| Date of publication, distribution, etc. | 2015. |
| 300 ## - PHYSICAL DESCRIPTION | |
| Extent | xx, 167 p. |
| Dimensions | 22 cm |
| 440 ## - SERIES STATEMENT/ADDED ENTRY--TITLE | |
| Title | Punjabi grammar |
| 9 (RLIN) | 1597 |
| 504 ## - BIBLIOGRAPHY, ETC. NOTE | |
| Bibliography, etc. note | Includes bibliographical references (pages 159-167). |
| 538 ## - SYSTEM DETAILS NOTE | |
| Display text | Shelf # 13, Row # 4, Fiction. |
| 650 #0 - SUBJECT ADDED ENTRY--TOPICAL TERM | |
| Topical term or geographic name entry element | Panjabi language |
| General subdivision | Grammar. |
| 9 (RLIN) | 8628 |
| 710 2# - ADDED ENTRY--CORPORATE NAME | |
| Corporate name or jurisdiction name as entry element | National University of Sciences and Technology (Islāmābād, Pakistan) |
| 9 (RLIN) | 8629 |
| 856 ## - ELECTRONIC LOCATION AND ACCESS | |
| Materials specified | Table of Contents Only. |
| 906 ## - LOCAL DATA ELEMENT F, LDF (RLIN) | |
| a | 7 |
| b | cbc |
| c | origode |
| d | 3 |
| e | ncip |
| f | 20 |
| g | y-gencatlg |
| 942 ## - ADDED ENTRY ELEMENTS (KOHA) | |
| Source of classification or shelving scheme | |
| Koha item type | Book |
| Classification part | 491.4283421 SHA |
| Withdrawn status | Lost status | Source of classification or shelving scheme | Damaged status | Not for loan | Collection code | Permanent Location | Current Location | Shelving location | Date acquired | Total Checkouts | Full call number | Barcode | Date last seen | Copy number | Price effective from | Koha item type |
|---|---|---|---|---|---|---|---|---|---|---|---|---|---|---|---|---|
| School of Interdisciplinary Engineering and Sciences (SINES) | School of Interdisciplinary Engineering and Sciences (SINES) | Fiction | 05/11/2016 | 491.4283421 SHA | RCMS002995 | 06/01/2016 | 01 | 06/01/2016 | Fiction | |||||||
| School of Interdisciplinary Engineering and Sciences (SINES) | School of Interdisciplinary Engineering and Sciences (SINES) | Fiction | 10/11/2019 | 491.4283421 SHA | RCMS002996 | 10/11/2019 | 10/11/2019 | Book |
